000 00806nam a2200301Ia 4500
001 41305
003 IT-RoPAU
008 130308s9999 xx 000 0 und d
040 _aIT-RoPAU
040 _cIT-RoPAU
041 _aFRANCESE
100 _aDupuy Bernard
100 _gCodice Aut. SPICS: 17905
245 _aEucharistie et le seder Pascal juif (L')
245 _bTable et le partage (La)
250 _a1a ed.
260 _aPARIS
260 _bDocumentation Francaise
260 _c1986 [1° Ed.:1986 - Ed.Ling.Originale:1986]
300 _a"6 p. (prefazione: no ; testo: 6 [pagine: 185-190])"
500 _aEucaristia e Pasqua Giudaica
650 _aSAGGI DI ANTROPOLOGIA
650 _eCodice materia Spics: 3507
942 _cBK
957 _71
999 _c41953
_d41953
999 _bSI
999 _g1